Brand bollywood : (Record no. 343942)
[ view plain ]
| 000 -LEADER | |
|---|---|
| fixed length control field | 01029 a2200193 4500 |
| 020 ## - INTERNATIONAL STANDARD BOOK NUMBER | |
| International Standard Book Number | 0761935347 |
| 020 ## - INTERNATIONAL STANDARD BOOK NUMBER | |
| International Standard Book Number | 9780761935346 |
| 082 04 - DEWEY DECIMAL CLASSIFICATION NUMBER | |
| Classification number | 791.430954 |
| 090 ## - LOCALLY ASSIGNED LC-TYPE CALL NUMBER (OCLC); LOCAL CALL NUMBER (RLIN) | |
| -- | 1420 |
| -- | 1420 |
| 100 1# - MAIN ENTRY--PERSONAL NAME | |
| Personal name | Bose, Derek. |
| 245 10 - TITLE STATEMENT | |
| Title | Brand bollywood : |
| Remainder of title | a new global entertainment order / |
| Statement of responsibility, etc. | Derek Bose. |
| 260 ## - PUBLICATION, DISTRIBUTION, ETC. | |
| Place of publication, distribution, etc. | [S.l.] : |
| Name of publisher, distributor, etc. | Sage Publications Pvt. Ltd, |
| Date of publication, distribution, etc. | 2006. |
| 300 ## - PHYSICAL DESCRIPTION | |
| Extent | 240 p. ; |
| Dimensions | 22 cm. |
| 500 ## - GENERAL NOTE | |
| General note | Paperback. |
| 520 ## - SUMMARY, ETC. | |
| Summary, etc. | Based on original research, this book draws on the author's personal observations and extensive discussions with film makers, media professionals and market players. It is backed by data from a variety of surveys, audit studies and annual reports. Derek Bose uses these sources to arrive at conclusions that place the issue of media convergence in the framework of film development. |
| 856 40 - ELECTRONIC LOCATION AND ACCESS | |
| Materials specified | Amazon.com |
| Uniform Resource Identifier | <a href="http://www.amazon.com/exec/obidos/ASIN/0761935347/chopaconline-20">http://www.amazon.com/exec/obidos/ASIN/0761935347/chopaconline-20</a> |
| 856 40 - ELECTRONIC LOCATION AND ACCESS | |
| Materials specified | Amazon customer reviews |
| Uniform Resource Identifier | <a href="http://www.chopac.org/cgi-bin/tools/azrev.pl?q=0761935347">http://www.chopac.org/cgi-bin/tools/azrev.pl?q=0761935347</a> |
| 942 ## - ADDED ENTRY ELEMENTS (KOHA) | |
| Institution code [OBSOLETE] | NBS |
| Koha item type | Book |
| Call number prefix | 791.430954 |
| Withdrawn status | Lost status | Source of classification or shelving scheme | Damaged status | Not for loan | Permanent Location | Current Location | Date acquired | Total Checkouts | Total Renewals | Full call number | Barcode | Date last seen | Price effective from | Koha item type |
|---|---|---|---|---|---|---|---|---|---|---|---|---|---|---|
| Central Library (CL) | Central Library (CL) | 08/28/2013 | 1 | 791.430954 BOS | NBS7194 | 08/08/2023 | 08/28/2013 | Book |
